000 00503nam a2200217Ia 4500
003 OSt
005 20221006152348.0
006 a|||||r|||| 00| 0
007 ta
008 221006b |||||||| |||| 00| 0 eng d
024 _a26,743
037 _cBound Volumes
040 _aEASL
_cEASL
_beng
041 _2eng
_aeng
245 0 _aCurrent History
260 _aPhila
_bCurrent History
_c0000
300 _ap.
_ccm.
490 _v 62
942 _cCR
_2CC
999 _c1094829
_d1094829